ბათუმის შოთა რუსთაველის სახელმწიფო უნივერსიტეტის ბიბლიოთეკა

Total English : upper intermediate : (ბიბ.ჩანაწერი № 49646)

000 -LEADER
fixed length control field 00694nam a2200241Ia 4500
001 - CONTROL NUMBER
control field 16578
003 - CONTROL NUMBER IDENTIFIER
control field GE_BSU
005 - DATE AND TIME OF LATEST TRANSACTION
control field 20250130123258.0
008 - FIXED-LENGTH DATA ELEMENTS--GENERAL INFORMATION
fixed length control field 181216s2006||||enk|||||||||||||| ||eng||
020 ## - INTERNATIONAL STANDARD BOOK NUMBER
International Standard Book Number 9780582846326
040 ## - CATALOGING SOURCE
Transcribing agency GE_BSU
041 ## - LANGUAGE CODE
Language code of text/sound track or separate title eng
080 ## - UNIVERSAL DECIMAL CLASSIFICATION NUMBER
Universal Decimal Classification number 811.111(075.8) A-18
100 ## - MAIN ENTRY--PERSONAL NAME
Personal name Acklam, Richard
9 (RLIN) 3176
245 ## - TITLE STATEMENT
Title Total English : upper intermediate :
Remainder of title Students book (CD) /
Statement of responsibility, etc. Richard Acklam, Araminta Crace.
264 ## - PRODUCTION, PUBLICATION, DISTRIBUTION, MANUFACTURE, AND COPYRIGHT NOTICE
Place of production, publication, distribution, manufacture Harlow :
Name of producer, publisher, distributor, manufacturer Pearson/Longman,
Date of production, publication, distribution, manufacture, or copyright notice 2006.
300 ## - PHYSICAL DESCRIPTION
Extent 176 p. :
Other physical details ill. ;
Dimensions 29 cm.
Accompanying material + 1 DVD.
653 ## - INDEX TERM--UNCONTROLLED
keyword Total English
653 ## - INDEX TERM--UNCONTROLLED
keyword Upper intermediate
700 ## - ADDED ENTRY--PERSONAL NAME
Personal name Crace, Araminta
Titles and other words associated with a name auth.
9 (RLIN) 24185
942 ## - ADDED ENTRY ELEMENTS (KOHA)
Koha item type წიგნი
Source of classification or shelving scheme
ეგზემპლარები
Withdrawn status Lost status Source of classification or shelving scheme Damaged status Not for loan Permanent Location Current Location Shelving location Date acquired Cost, normal purchase price Full call number Barcode Date last seen Copy number Price effective from Koha item type Public note
          ბათუმის შოთა რუსთაველის სახელმწიფო უნივერსიტეტის მთავარი ბიბლიოთეკა ბათუმის შოთა რუსთაველის სახელმწიფო უნივერსიტეტის მთავარი ბიბლიოთეკა წიგნსაცავი 2018-12-17 5.00 811.111(075.8) A-18 27652 2018-12-17 27652 2018-12-17 წიგნი 5.00 ₾.